Программы и уставы политических партий России: 1905-1906 гг.

Bibliografske podrobnosti
Jezik:ruščina
Izdano: Новосибирск, Изд-во НГУ, 1991
Teme:
Format: Knjiga
KOHA link:https://koha.lib.tpu.ru/cgi-bin/koha/opac-detail.pl?biblionumber=18524

MARC

LEADER 00000nam0a2200000 4500
001 18524
005 20231030191318.0
035 |a (RuTPU)RU\TPU\book\18674 
035 |a BOOK00003362 
090 |a 18524 
100 |a 20011209d1991 km y0rusy50 ca 
101 0 |a rus 
102 |a RU 
105 |a y z 000zy 
200 1 |a Программы и уставы политических партий России  |e 1905-1906 гг. 
210 |a Новосибирск  |c Изд-во НГУ  |d 1991 
215 |a 186 с. 
610 1 |a политика 
610 1 |a политические партии 
610 1 |a Россия 
610 1 |a 20 век 
610 1 |a программы 
610 1 |a уставы 
686 |a Ф69(2)  |v LBC/SL-A  |2 rubbk 
801 0 |a RU  |b 63413507  |c 20011209  |g PSBO 
801 2 |a RU  |b 63413507  |c 20140311  |g PSBO 
942 |c BK